Agglomérations de sous-préfectures les plus peuplées de France - Statistiques

Statistiques générales
  • Ce quiz a été pris 384 fois
  • Le résultat moyen est 10 sur 20
Statistiques - réponses
Population Agglomération % Correct
203 037 Brest
79%
231 245 Le Havre
75%
245 309 Mulhouse
75%
162 146 Dunkerque
74%
214 889 Reims
73%
505 839 Douai | Lens
70%
92 172 Calais
64%
263 704 Bayonne
60%
123 073 Lorient
58%
190 847 Saint-Nazaire
56%
95 786 Béziers
55%
333 383 Valenciennes
51%
355 671 Béthune
37%
173 821 Saint-Paul (La Réunion)
28%
137 498 Thionville
27%
100 775 Alès
26%
98 318 Vienne
25%
112 810 Montbéliard
24%
173 125 Saint-Pierre (La Réunion)
24%
251 225 Pointe-à-Pitre-Les Abymes
13%
Aucun quiz correspondant
Distribution des résultats
% des personnes avec chaque résultat
Percentile par nombre de réponses
Votre historique - résultats
Vous n’avez pas pris ce quiz